000 00769nam a2200253 a 4500
001 BRCA_3484
005 20190320204314.0
041 _aspa
044 _amx
050 4 _aZ4
_b.M57 1971
100 1 _aMillares Carlo, Agustín
_d1893-1980
_99063
245 1 0 _aIntroducción a la historia del libro y de las bibliotecas
_cAgustín Millares Carlo.
260 _aMéxico
_bFCE
_c1971
300 _a399 p.
_bil.
_c22 cm.
440 0 _aSección de lengua y estudios literarios
_99064
500 _aIncluye índice analítico
500 _aEjemplar engargolado
500 _aPor política no se presta a domicilio
504 _aBibliografía: p. 303-316
650 1 4 _aLibros
_xHistoria
_99065
650 1 4 _aBibliotecas
_xHistoria
_99066
902 _aeng
942 _2lcc
_cB
999 _c3220
_d3220